Do jakiej wytwórni należy ten polski raper? - Statystyki

Ogólne statystyki
  • Ten quiz został rozwiązany 1 198 razy
    801 od ostatniego zresetowania
  • Średni wynik to 6 z 9
Statystyki odpowiedzi
Raper Wytwórnia % Poprawnych
Filipek Quequality
85%
Solar SBM Label
85%
Quebonafide QueQuality
82%
Paluch BOR CREW
63%
ReTo NewBadLabel
61%
O.S.T.R Asfalt Records
55%
Borixon NewBadLabel
51%
Taco Hemingway Asfalt Records
46%
Kobik BOR CREW
41%
Nie znaleziono quizów pasujących do podanych kryteriów
Rozkład punktacji
Procent ludzi z każdym wynikiem
Percentyl według liczby udzielonych odpowiedzi
Twoja historia wyników
Nie rozwiązałeś tego quizu od ostatniego zresetowania